¿Quién era el famoso debajo de la máscara en Mask Singer España (T2)? - Estadísticas

Estadísticas generales
  • Esta prueba ha sido intentada 22 veces
  • La puntuación promedio es 14 de 18
Estadísticas de respuestas
Hint Respuesta % Correcto
Huevo María Pombo
89%
Gatita Isabel Preysler
83%
Plátano Willy Bárcenas
83%
Paella (máscara virtual) Ainhoa Arteta
78%
Monstruita Anne Igartiburu
78%
Mariposa Esperanza Aguirre
78%
Cactus Eva Hache
78%
Erizo Joaquín Cortés
78%
Rana Josep Pedrerol
78%
Menina La Toya Jackson
78%
Dragona María Zurita
78%
Medusa Mel B
78%
Cocodrilo Bertín Osborne
72%
Ángel Paloma San Basilio
72%
Perro José Manuel Calderón
67%
Flamenco Mar Flores
67%
Pingüino (máscara virtual) Pepe Reina
67%
Dama Centella (máscara virtual) Tamara Gorro
67%
No se encontraron pruebas coincidentes
Distribución de puntuación
Porcentaje de gente con cada puntuación
Porcentaje por número respondido
Historial de tus puntuaciones
No has intentado esta prueba.